<?xml version="1.0" encoding="UTF-8"?>
<marc:record xmlns:marc="http://www.loc.gov/MARC21/slim">
   <marc:leader>00000nam a2200000 a 4500</marc:leader>
   <marc:datafield ind1="1" ind2=" " tag="100">
      <marc:subfield code="a">Kästner, Erich</marc:subfield>
      <marc:subfield code="4">aut</marc:subfield>
      <marc:subfield code="e">Verfasser/-in</marc:subfield>
   </marc:datafield>
   <marc:datafield ind1="0" ind2="0" tag="245">
      <marc:subfield code="a">Sachliche Romanzen</marc:subfield>
   </marc:datafield>
   <marc:datafield ind1="0" ind2="0" tag="245">
      <marc:subfield code="b">Gedichte über die Liebe und andere unvermeidliche Dinge</marc:subfield>
   </marc:datafield>
   <marc:datafield ind1="0" ind2="0" tag="245">
      <marc:subfield code="c">Erich Kästner. Mit einem Vorw. von Rainer Moritz. Zsgest. von Renate Reichstein und ill. von Jonas Schenk</marc:subfield>
   </marc:datafield>
   <marc:datafield ind1=" " ind2="1" tag="264">
      <marc:subfield code="a">Zürich</marc:subfield>
      <marc:subfield code="b">Atrium-Verl.</marc:subfield>
      <marc:subfield code="c">2007</marc:subfield>
   </marc:datafield>
   <marc:datafield ind1=" " ind2=" " tag="250">
      <marc:subfield code="a">Einmalige Sonderausg.</marc:subfield>
   </marc:datafield>
   <marc:datafield ind1="1" ind2=" " tag="520">
      <marc:subfield code="a">Angaben aus der Verlagsmeldung

Sachliche Romanzen : Gedichte über die Liebe und andere unvermeidliche Dinge / von Erich Kästner

"Als sie einander acht Jahre kannten (und man darf sagen: sie kannten sich gut), kam ihre Liebe plötzlich abhanden. Wie andern Leuten ein Stock oder Hut." Die Liebe ist ein seltsames Ding: wir suchen sie, wir finden sie, wir verlieren sie, wir sehnen uns nach ihr und wir verstehen sie nicht. Wir wollen nicht sein ohne sie, doch mit ihr ist es auch oft schwer genug. Erich Kästner ist ein Meister der Variationen des Immerwährenden, mit einem Augenzwinkern führt er uns mit seinen zeitlos schönen Gedichten in die bittersüßen Gefilde der Liebe. Diese neu zusammengestellte Anthologie mit seinen außergewöhnlichen Illustrationen ist ein ideales Geschenkbuch für jeden Anlass. Für die Angebetete, die ihn nicht erhören will, für den Angebeteten, der längst erhört wurde, für die Zauderer und die Verwegenen, für die Zweifler und die Unermüdlichen, für die Verflossenen und für die Zukünftigen, mit anderen Worten: für uns alle. In diesem Buch sind berühmte und weniger bekannte Gedichte Erich Kästners versammelt. Eine Fundgrube für jeden Anlass, eine Poesie des Alltags, die in ihrer schlichten Schönheit bezaubert und mitten ins Herz trifft.
</marc:subfield>
   </marc:datafield>
   <marc:datafield ind1=" " ind2=" " tag="020">
      <marc:subfield code="a">9783855359578</marc:subfield>
      <marc:subfield code="9">9783855359578</marc:subfield>
   </marc:datafield>
   <marc:datafield ind1=" " ind2=" " tag="020">
      <marc:subfield code="a">3855359571</marc:subfield>
      <marc:subfield code="9">3855359571</marc:subfield>
   </marc:datafield>
   <marc:datafield ind1=" " ind2=" " tag="041">
      <marc:subfield code="a">ger</marc:subfield>
   </marc:datafield>
   <marc:datafield ind1=" " ind2=" " tag="300">
      <marc:subfield code="a">111 S.</marc:subfield>
   </marc:datafield>
</marc:record>
